Nuestra Arequipa blanca y bella : (Registro nro. 22082)

Detalles MARC
000 -Cabecera
Campo de control interno 00840nam a2200253Ia 4500
005 - Fecha y hora del registro
control field 20260320113341.0
008 - Elementos de Longitud Fija
fixed length control field 260320s9999||||xx |||||||||||||| ||und||
041 ## - Idioma
Codigo Idioma ESP
082 ## - DEWEY y NOTACIÓN INTERNA
Dewey 985.41
Notación Interna P636N
100 ## - AUTOR
Autor denominación Pepper Figueroa, Anibal,
Término de relación autor
245 #0 - TÍTULO DE MATERIAL BIBLIOGRÁFICO
Título Nuestra Arequipa blanca y bella :
Título paralelo "eterno cielo azul, puro sol"
246 ## - TÍTULO TRADUCIDO
Título
Título paralelo
Autor
250 ## - EDICIÓN
Edición Cuarta edición
260 ## - CIUDAD, EDITORIAL, AÑO
Ciudad Arequipa :
Nombre de la Editorial Jhordans impresiones,
Año 2026
300 ## - DESCRIPCIÓN
N° Páginas 75 páginas :
Otros detalles
Dimensiones 21 cm.
Material Adicional
440 ## - MENCIÓN DE SERIE
Título de la Serie
Número de Serie
Volumen de Serie
650 ## - TEMAS
Temas Historia
653 ## - DESCRIPTORES
Lenguajes no controlado Historia; Historia de Arequipa
654 ## - PROGRAMAS
Programa Dpto. de Humanidades
700 ## - OTROS AUTORES
Otros autores Roberts, Patricia,
Títulos y otras palabras asociadas con el nombre
856 ## - URL - UBICACIÓN
URI/URL: Enlace exacto del recurso <a href="https://0u20jrxga-y-https-www-jstor-org.itmsp.museknowledge.com/action/doBasicSearch?Query=Arequipa+historia&so=rel">https://0u20jrxga-y-https-www-jstor-org.itmsp.museknowledge.com/action/doBasicSearch?Query=Arequipa+historia&so=rel</a>
Nota pública: Versión digital <a href="Véase además: Base de datos JSTOR">Véase además: Base de datos JSTOR</a>
942 ## - ELEMENTOS DE KOHA
Tipo de documento Libro
Nombre del creador Justo Noguera
Código de catalogador Mirtha Ponce
Esquema de clasificación Dewey Decimal Classification
Suppress in OPAC
Existencias
Codigo completo Registro Colección Copia número Disponibilidad Tipo de préstamo Biblioteca Actual Procedencia (Biblioteca) Ubicacón Fecha Ingreso Tipo de Adquisición Observación Date last seen Total checkouts Price effective from Tipo de Item Estado del Material Fuente de Clasificación Damaged status Withdrawn status
985.41 P636N 1087997 Universidad Católica San Pablo 1 Disponible Disponible Víctor Andrés Belaunde Víctor Andrés Belaunde Planta baja abierta 10/03/2026 Donación Abibal Pepper 20/03/2026   20/03/2026 Libro Bueno Dewey Decimal Classification